000 01365nam1a2200325 4500
001 RU\NLR\BIBL_A\022344558
005 20260408234138.0
035 _a(NLR Aleph) 022344558
090 _a13638901
_c13638901
100 _a20260322 rusy50
101 0 _arus
102 _aRU
105 _a z
181 0 _ab3
_bxb2e
181 0 _ai2
_baxxe
182 0 _an
200 1 _aНародная вышивка Каргополья
_fО. И. Бакирова, С. С. Карпунин
203 _aИзображение
_aТекст
_bвизуальные
_cнепосредственные
210 _aМосква
_c[б. и.]
_d2024–
215 _d31
606 _aВышивки русские
_yКаргопольский район (Архангельская область)
_3RU\NLR\AUTH\6601767720
_92701069
686 1 _aЩ126.911.3(2Р=Рус)699Архангельская обл.
700 1 _aБакирова
_bО. И.
_f1954-
_gОльга Илларионовна
701 1 _aКарпунин
_bС. С.
_gСергей Степанович
852 _aNLR
_j2024-9/327
942 _cBOOK
980 _aNB